Inhaled glucocorticoids in asthma : (Record no. 8029)

MARC details
000 -LEADER
fixed length control field 01470cam a2200349 a 4500
001 - CONTROL NUMBER
control field 1635755
003 - CONTROL NUMBER IDENTIFIER
control field OSt
005 - DATE AND TIME OF LATEST TRANSACTION
control field 20220912141447.0
008 - FIXED-LENGTH DATA ELEMENTS--GENERAL INFORMATION
fixed length control field 960708s1997 nyua b 001 0 eng c
010 ## - LIBRARY OF CONGRESS CONTROL NUMBER
LC control number 96032804
020 ## - INTERNATIONAL STANDARD BOOK NUMBER
International Standard Book Number 0824797302 (hardcover : alk. paper)
040 ## - CATALOGING SOURCE
Original cataloging agency DNLM/DLC
Transcribing agency DNLM
Modifying agency DLC
050 00 - LIBRARY OF CONGRESS CALL NUMBER
Classification number RC591
Item number .I536 1997
060 10 - NATIONAL LIBRARY OF MEDICINE CALL NUMBER
Classification number W1 LU62 v.92 1997
-- WF 553 I55 1997
082 00 - DEWEY DECIMAL CLASSIFICATION NUMBER
Classification number WF 3531 4r 1997
245 00 - TITLE STATEMENT
Title Inhaled glucocorticoids in asthma :
Remainder of title mechanisms and clinical actions /
Statement of responsibility, etc. edited by Robert P. Schleimer, William W. Busse, Paul M. O'Byrne.
260 ## - PUBLICATION, DISTRIBUTION, ETC. (IMPRINT)
Place of publication, distribution, etc. New York :
Name of publisher, distributor, etc. Dekker,
Date of publication, distribution, etc. c1997.
300 ## - PHYSICAL DESCRIPTION
Extent xxvi, 773 p. :
Other physical details ill. ;
Dimensions 24 cm.
440 #0 - SERIES STATEMENT/ADDED ENTRY--TITLE
Title Lung biology in health and disease ;
Volume/sequential designation v. 97
9 (RLIN) 16328
504 ## - BIBLIOGRAPHY, ETC. NOTE
Bibliography, etc Includes bibliographical references and index.
650 #0 - SUBJECT ADDED ENTRY--TOPICAL TERM
Topical term or geographic name as entry element Asthma
General subdivision Hormone therapy.
9 (RLIN) 16329
650 #0 - SUBJECT ADDED ENTRY--TOPICAL TERM
Topical term or geographic name as entry element Glucocorticoids
General subdivision Therapeutic use.
9 (RLIN) 16330
650 12 - SUBJECT ADDED ENTRY--TOPICAL TERM
Topical term or geographic name as entry element Asthma
General subdivision drug therapy.
9 (RLIN) 16331
650 22 - SUBJECT ADDED ENTRY--TOPICAL TERM
Topical term or geographic name as entry element Glucocorticoids
General subdivision pharmacology.
9 (RLIN) 16332
700 1# - ADDED ENTRY--PERSONAL NAME
Personal name Schleimer, Robert P.
9 (RLIN) 16333
700 1# - ADDED ENTRY--PERSONAL NAME
Personal name Busse, W. W.
Fuller form of name (William W.)
9 (RLIN) 16334
700 1# - ADDED ENTRY--PERSONAL NAME
Personal name O'Byrne, Paul M.,
Dates associated with a name 1951-
9 (RLIN) 16335
856 42 - ELECTRONIC LOCATION AND ACCESS
Materials specified Publisher description
Uniform Resource Identifier http://www.loc.gov/catdir/enhancements/fy0647/96032804-d.html
906 ## - LOCAL DATA ELEMENT F, LDF (RLIN)
a 7
b cbc
c orignew
d 1
e ocip
f 19
g y-gencatlg
942 ## - ADDED ENTRY ELEMENTS (KOHA)
Source of classification or shelving scheme Other/Generic Classification Scheme
Koha item type Open Shelf
Holdings
Withdrawn status Lost status Source of classification or shelving scheme Damaged status Not for loan Home library Current library Date acquired Source of acquisition Inventory number Total Checkouts Full call number Barcode Date last seen Price effective from Koha item type
    Other/Generic Classification Scheme     MUST Main Library MUST Main Library 12/09/2022 Purchase 07/28350   WF 3531 4r 1997 2022-7989 12/09/2022 12/09/2022 Open Shelf